• 首页
  • 本馆介绍
  • 公告通知
  • 最新文献
  • 馆藏检索
  • 电子资源
  • 读者导购
  • 参考咨询
  • 我的图书馆
  • 登录
  • 详细信息显示
  • 放入我的书架
  • 预约/预借图书
  • 作者相关作品
  • 分类相关作品
  • 丛书相关作品
  • 出版社相关作品

书目信息

  • 表格格式
  • 工作单格式
  • 卡片格式
题名:
心理画
    
 
作者: 李洪伟 , 吴迪 著
分册:  
出版信息: 长沙   湖南人民出版社  2010
页数: 264页
开本: 21cm
丛书名:
单 册:
中图分类: J20-05 , B841
科图分类:
主题词: 绘画心理学--通俗读物 , 心理学研究方法
电子资源:
ISBN: 978-7-5438-6145-9
000 00902nam0 2200265 450
001 1557396018
005 20150131155658.95
010    @a978-7-5438-6145-9@dCNY25.00
100    @a20100122d2010 em y0chiy50 ea
101 0  @achi
102    @aCN@b430000
105    @aa z 000yy
200 1  @a心理画@9xin li hua@e绘画心理分析图典@f李洪伟,吴迪著
210    @a长沙@c湖南人民出版社@d2010
215    @a264页@d21cm
330    @a本书是中国第一部图典形式的绘画心理分析著作,图文对照,方便查找,操作性强,本书图例均以大量真实中国案例为基础,所有释义均符合中国人的心理特点。
517 1  @a绘画心理分析图典@9hui hua xin li fen xi tu dian
606 0  @a绘画心理学@j通俗读物
606 0  @a心理学研究方法
690    @aJ20-05@v5
690    @aB841@v4
701  0 @a李洪伟@9li hong wei@c(心理咨询师)@4著
701  0 @a吴迪@9wu di@c(心理咨询师)@4著
801  0 @aCN@bTSSF@c20150131
905    @aZUCC@dB841@eJY14
    
    心理画:绘画心理分析图典/李洪伟,吴迪著.-长沙:湖南人民出版社,2010
    264页;21cm
    
    
    ISBN 978-7-5438-6145-9:CNY25.00
    本书是中国第一部图典形式的绘画心理分析著作,图文对照,方便查找,操作性强,本书图例均以大量真实中国案例为基础,所有释义均符合中国人的心理特点。
●
相关链接 在E读中查询图书 在五车中查询图书 在当当中查询图书 在豆瓣中查询图书


正题名:心理画     索取号:B841/JY14         预约/预借

序号 登录号 条形码 馆藏地/架位号 状态 备注
1 7846489   278464895   学院路分馆/ [索取号:B841/JY14] 在馆    
唐山师范学院图书馆 欢迎您!
大连网信软件有限公司© 版权所有